| Tag |
First Indicator |
Second Indicator |
Subfields |
| LEADER |
00000cam a2200000 a 4500 |
| 001 |
in00002655607 |
| 005 |
20151202112552.0 |
| 008 |
100129s2010 caua b 001 0 eng |
| 010 |
|
|
|a 2010003988
|
| 020 |
|
|
|a 9783791350813 (hardcover)
|
| 020 |
|
|
|a 3791350811 (hardcover)
|
| 020 |
|
|
|a 9780884011347 (pbk.)
|
| 020 |
|
|
|a 0884011348 (pbk.)
|
| 029 |
1 |
|
|a NLGGC
|b 326957162
|
| 035 |
|
|
|a (OCoLC)ocn503596076
|
| 035 |
|
|
|a (OCoLC)503596076
|
| 040 |
|
|
|a DLC
|c DLC
|d YDX
|d YDXCP
|d FXM
|d CDX
|d ERASA
|d ORX
|d OHX
|d UtOrBLW
|
| 043 |
|
|
|a e-fr---
|
| 049 |
|
|
|a TXAM
|
| 050 |
0 |
0 |
|a N72.S6
|b G36 2010
|
| 082 |
0 |
0 |
|a 709.44/07479461
|2 22
|
| 100 |
1 |
|
|a Ganz, James A.
|
| 245 |
1 |
0 |
|a Impressionist Paris :
|b city of light /
|c James A. Ganz.
|
| 264 |
|
1 |
|a San Francisco :
|b Fine Arts Museums of San Francisco ;
|a Munich ;
|a New York :
|b DelMonico Books-Prestel,
|c 2010.
|
| 300 |
|
|
|a viii, 148 pages :
|b color illustrations ;
|c 26 cm.
|
| 336 |
|
|
|a text
|b txt
|2 rdacontent
|
| 337 |
|
|
|a unmediated
|b n
|2 rdamedia
|
| 338 |
|
|
|a volume
|b nc
|2 rdacarrier
|
| 500 |
|
|
|a "Published in 2010 by the Fine Arts Museums of San Francisco on the occasion of the exhibition Impressionist Paris: City of Light"-- Title page verso.
|
| 504 |
|
|
|a Includes bibliographical references (page 133) and index.
|
| 650 |
|
0 |
|a Art and society
|z France
|z Paris
|x History
|y 19th century.
|
| 651 |
|
0 |
|a Paris (France)
|x Civilization
|y 19th century.
|
| 938 |
|
|
|a YBP Library Services
|b YANK
|n 3378208
|
| 938 |
|
|
|a Coutts Information Services
|b COUT
|n 12480874
|
| 938 |
|
|
|a Erasmus Boekhandel
|b ERAA
|n NTS0000112903
|
| 936 |
|
|
|a PR 655768165
|
| 938 |
|
|
|a Otto Harrassowitz
|b HARR
|n har100076409
|
| 945 |
|
|
|a PromptCat
|b 138484
|
| 946 |
|
|
|a stk
|
| 947 |
|
|
|a A14839778069
|
| 994 |
|
|
|a 92
|b TXA
|
| 948 |
|
|
|a Cataloged
|b h
|c 2010/11/22
|d c
|e ibarton
|
| 999 |
|
|
|a MARS
|
| 999 |
f |
f |
|s 015c1f70-a924-3220-9eb5-cf8f1efe0e9d
|i dadc68d5-8f87-3d55-96c4-d3dc5558db34
|t 0
|
| 952 |
f |
f |
|p noncirc
|a Texas A&M University
|b J.J. Pickle Campus
|c High Density Repository
|d Remote Storage
|t 0
|e N72.S6 G36 2010
|h Library of Congress classification
|i unmediated -- volume
|m A14839778069
|
| 998 |
f |
f |
|a N72.S6 G36 2010
|t 0
|l Remote Storage
|